Queerfobia : racconti, poesie e immagini di odio quotidiano /

সংরক্ষণ করুন:
গ্রন্থ-পঞ্জীর বিবরন
অন্যান্য লেখক: Averna, Eleonora, (1987- ), Ghibaudo, Giorgio (সম্পাদক), Polastri, Gianluca (সম্পাদক), Quaranta, Pasquale (prefazione di), Bimbo, Agostino, Buzzi, Marino, Cerrato, Dana, Chiulli, Maura, Colica, Katia, De Giovanni, Massimiliano, Giussani, Stefano Paolo, Pagarini, Michela, Porello, Marisa, Romano, Gabriella, Savarese, Eduardo, Marcasciano, Porpora, Bignardi, Daria, Gianmarco Negri (intervista a), Finelli, Claudio, Bruni, Donato Luigi, Gangarossa, Samuele, Baldoni, Luca, Buffoni, Franco, Buonapace, Nicoletta, Cannillo, Luigi, Cascio, Gandolfo, Gori, Ignazio, Gregorini, Maurizio, Insola, Paola, Montagna, Antonella, Ottonello, Francesco, Piccoli, Serena, Veneziani, Antonio, Vivinetto, Giovanna Cristina, Basili, Massimo, Bertaccini, Matteo, Cobelo, Fernando, Cuperlo, Sara, Mutschlechner, Valeria, Sciarpa, Marco, Meli, Andrea, Ippolito, Anna, Battaglio, Massimo
বিন্যাস: গ্রন্থ
ভাষা:ইতালিয়
প্রকাশিত: Roma : D Editore, 2021
মালা:Lingue ; 5
ট্যাগগুলো: ট্যাগ যুক্ত করুন
কোনো ট্যাগ নেই, প্রথমজন হিসাবে ট্যাগ করুন!

MARC

LEADER 00000nam a22000007i 4500
001 IT\ICCU\URB\0956222
003 ItRI
005 20260124121930.0
008 211222s2021 it |||||| ||||| |||||c
020 |a 9788894830651 
040 |b ita  |c C 
041 7 |a ita  |2 ISO-639-2 
082 |a 858.92  |2 21 
130 0 |a Queerfobia 
245 0 0 |a Queerfobia :  |b racconti, poesie e immagini di odio quotidiano /  |c a cura di Giorgio Ghibaudo e Gianluca Polastri ; con il contributo di Eleonora Averna [et al.]. 
260 |a Roma :  |b D Editore,  |c 2021 
300 |a 367 p. :  |b ill. ;  |c 21 cm 
500 |a Opera nata in collaborazione con la rivista Crack 
700 1 |a Averna, Eleonora,  |d  (1987- )  |0 IT\ICCU\BVEV\268027 
700 1 |a Ghibaudo, Giorgio  |0 IT\ICCU\LO1V\394331  |4 edt 
700 1 |a Polastri, Gianluca  |0 IT\ICCU\TO0V\450013  |4 edt 
700 |a Quaranta, Pasquale  |c (prefazione di) 
700 |a Bimbo, Agostino 
700 |a Buzzi, Marino 
700 |a Cerrato, Dana 
700 |a Chiulli, Maura 
700 |a Colica, Katia 
700 |a De Giovanni, Massimiliano 
700 |a Giussani, Stefano Paolo 
700 |a Pagarini, Michela 
700 |a Porello, Marisa 
700 |a Romano, Gabriella 
700 |a Savarese, Eduardo 
700 |a Marcasciano, Porpora 
700 |a Bignardi, Daria 
700 |a Gianmarco Negri  |c (intervista a) 
700 |a Finelli, Claudio 
700 |a Bruni, Donato Luigi 
700 |a Gangarossa, Samuele 
700 |a Baldoni, Luca 
700 |a Buffoni, Franco 
700 |a Buonapace, Nicoletta 
700 |a Cannillo, Luigi 
700 |a Cascio, Gandolfo 
700 |a Gori, Ignazio 
700 |a Gregorini, Maurizio 
700 |a Insola, Paola 
700 |a Montagna, Antonella 
700 |a Ottonello, Francesco 
700 |a Piccoli, Serena 
700 |a Veneziani, Antonio 
700 |a Vivinetto, Giovanna Cristina 
700 |a Basili, Massimo 
700 |a Bertaccini, Matteo 
700 |a Cobelo, Fernando 
700 |a Cuperlo, Sara 
700 |a Mutschlechner, Valeria 
700 |a Sciarpa, Marco 
700 |a Meli, Andrea 
700 |a Ippolito, Anna 
700 |a Battaglio, Massimo 
830 0 |a Lingue ;  |v 5  |0 IT\ICCU\RMB\0804720 
942 |2 ddc  |c BK 
952 |0 0  |1 0  |2 ddc  |4 0  |7 1  |9 202  |a RI  |b RI  |d 2023-11-13  |l 0  |p 1170  |r 2023-11-13 22:54:12  |w 2023-11-13  |y BK 
952 |0 0  |1 0  |2 ddc  |4 0  |6 858_920000000000000_GHI_QUE  |7 0  |9 337  |a GE  |b GE  |d 2023-11-24  |l 2  |o 858.92 GHI QUE  |p 5001  |r 2025-05-27 18:41:34  |s 2025-05-27  |w 2023-11-24  |x Con dedica autografa di uno degli autori  |y BK 
952 |0 0  |1 0  |2 ddc  |4 0  |6 858_920000000000000_GHI_QUE  |7 0  |9 3987  |a AO  |b AO  |d 2025-04-26  |l 0  |o 858.92 GHI QUE  |p 11172  |r 2025-04-26 10:11:33  |w 2025-04-26  |y BK 
952 |0 0  |1 0  |2 ddc  |4 0  |6 858_920000000000000_GHI_QUE  |7 1  |9 4113  |a AO  |b AO  |d 2025-05-01  |l 0  |o 858.92 GHI QUE  |p 11290  |r 2025-05-01 19:15:21  |w 2025-05-01  |x Di proprietà di Giulio Gasperini  |y BK 
952 |0 0  |1 0  |2 ddc  |4 0  |6 858_920000000000000_GHI_QUE  |7 0  |9 4241  |a AO  |b AO  |d 2025-05-13  |l 0  |o 858.92 GHI QUE  |p 11418  |r 2025-05-13 10:31:56  |w 2025-05-13  |y BK 
952 |0 0  |1 0  |2 ddc  |4 0  |6 858_920000000000000_GHI_QUE  |7 0  |9 9415  |a AO  |b AO  |d 2025-08-04  |l 0  |o 858.92 GHI QUE  |p 11524  |r 2025-08-04 16:24:23  |w 2025-08-04  |x donato da Mirko  |y BK 
952 |0 0  |1 0  |4 0  |6 DOC_853_920000000000000_GHI  |7 0  |9 21531  |a BO  |b BO  |d 2026-01-15  |i 19532  |l 0  |o DOC 853.920 GHI  |p BO19532  |r 2026-01-15 23:22:00  |w 2026-01-15  |x [Sebina 5] [1 v.]  |y BK  |z 1 v. 
999 |c 776  |d 776